000 00340nam a22001457a 4500
008 211013b ||||| |||| 00| 0 eng d
020 _a9780452262546
041 _aeng
080 _a612.39
082 _a612.39
100 _a10
101 _aNUT
245 _aWhy Weight? A Guide to Ending Compulsive Eating
_cRoth,G
942 _2udc
_cBK
999 _c58211
_d58211